Statistiques concernant Couleurs qui sont des fleurs par lettres

Cliquez ici pour prendre le quiz!

Statistiques générales

  • Ce quiz a été pris 229 fois
  • Le résultat moyen est 6 sur 20

Statistiques - réponses

TeinteRéponse% Correct
RRose
89%
VViolette
88%
BBleuet
66%
LLilas
66%
CCoquelicot
40%
MMimosa
27%
MMarguerite
25%
JJasmin
24%
AAnémone
20%
FFuchsia
18%
TTournesol
18%
LLys
17%
BBouton d'or
15%
EÉglantine
11%
MMyosotis
11%
PPervenche
10%
CCapucine
8%
GGiroflée
2%
DDelphinium
0%
FFleur de coton
0%

Distribution des résultats

Percentile par nombre de réponses

% des personnes avec chaque résultat

Votre développement - résultats

Vous n’avez pas pris ce quiz